Normal view
MARC view
Entry Personal Name
001 - CONTROL NUMBER
- control field: 15657
003 - CONTROL NUMBER IDENTIFIER
- control field: ARRUPE
005 - DATE AND TIME OF LATEST TRANSACTION
- control field: 20150302114825.0
008 - FIXED-LENGTH DATA ELEMENTS
- fixed length control field: 150302|| aca||aabn | a|a d
040 ## - CATALOGING SOURCE
- Original cataloging agency: ARRUPE
- Transcribing agency: ARRUPE
100 ## - HEADING--PERSONAL NAME
- Personal name: Livingstone, Charles
670 ## - SOURCE DATA FOUND
- Source citation: Work cat.: (ARRUPE)122121: Livingstone, David 15362, Narrative of an Expedition to the Zambezi and its tributaries, 2001